BEYAZ DİŞ (Kayıt no. 833523)
[ düz görünüm ]
| 000 -LEADER | |
|---|---|
| sabit uzunluktaki kontrol alanı | 00233nam a2200097Ia 4500 |
| 001 - KONTROL NUMARASI | |
| kontrol alanı | 833523 |
| 005 - EN SON İŞLEMİN TARİH VE ZAMANI | |
| kontrol alanı | 20250826172416.0 |
| 008 - SABİT-UZUNLUKTA VERİ ÖĞELERİ--GENEL BİLGİ | |
| sabit uzunluktaki kontrol alanı | 250824s9999 xx 000 0 und d |
| 245 #0 - ESER / YAZAR | |
| ESER ADI | BEYAZ DİŞ |
| Yazar Adı | JACK LONDON |
| 260 ## - YAYIN, DAĞITIM, VB. | |
| YAYIN EVİ | ANONİM YAYINLARI |
| Düşüm durumu | Kayıp durumu | Sınıflandırma Kaynağı veya raf şeması | Hasar Durumu | Ödünç verilmez | Ana kütüphane | Geçerli Kütüphane | Edinilen tarih | Toplam ödünç verme sayısı | Tam yer numarası | Barkod | Son görüntüleme tarihi | Son ödünç verme tarihi | Fiyatın geçerli olmaya başladığı tarih | Koha materyal türü |
|---|---|---|---|---|---|---|---|---|---|---|---|---|---|---|
| Dewey Ondalık Sınıflama | ŞEHİT MUSTAFA ÇUHADAR ORTAOKULU | ŞEHİT MUSTAFA ÇUHADAR ORTAOKULU | 24.08.2025 | 1 | I2 | 10541268 | 05.12.2025 | 28.11.2025 | 26.08.2025 | Kitaplar |